ბათუმის შოთა რუსთაველის სახელმწიფო უნივერსიტეტის ბიბლიოთეკა

Steel Strucrures Design (ბიბ.ჩანაწერი № 49451)

000 -LEADER
fixed length control field 00532nam a2200229Ia 4500
001 - CONTROL NUMBER
control field 16374
003 - CONTROL NUMBER IDENTIFIER
control field GE_BSU
008 - FIXED-LENGTH DATA ELEMENTS--GENERAL INFORMATION
fixed length control field 181216s||||||||xx |||||||||||||| ||und||
020 ## - INTERNATIONAL STANDARD BOOK NUMBER
International Standard Book Number 9780071638371
040 ## - CATALOGING SOURCE
Transcribing agency GE_BSU
080 ## - UNIVERSAL DECIMAL CLASSIFICATION NUMBER
Universal Decimal Classification number 624.1.821
100 ## - MAIN ENTRY--PERSONAL NAME
Personal name Williams Alan.
245 ## - TITLE STATEMENT
Title Steel Strucrures Design
245 ## - TITLE STATEMENT
Remainder of title sponsoring editor:Joy E.Bramble
260 ## - PUBLICATION, DISTRIBUTION, ETC.
Place of publication, distribution, etc. New York
260 ## - PUBLICATION, DISTRIBUTION, ETC.
Name of publisher, distributor, etc. Mc Graw-Hill
260 ## - PUBLICATION, DISTRIBUTION, ETC.
Date of publication, distribution, etc. 2011
300 ## - PHYSICAL DESCRIPTION
Extent 546p;ill;24cm.
653 ## - INDEX TERM--UNCONTROLLED
Uncontrolled term Steel Strucrures Design
942 ## - ADDED ENTRY ELEMENTS (KOHA)
Koha item type წიგნი
ეგზემპლარები
Withdrawn status Lost status Damaged status Not for loan Date acquired Barcode Date last seen Price effective from Koha item type
        2018-12-17 40310 2018-12-17 2018-12-17 წიგნი